| Tag |
First Indicator |
Second Indicator |
Subfields |
| LEADER |
00000cam a2200000 a 4500 |
| 001 |
in00000031125 |
| 005 |
20151007054954.0 |
| 008 |
870316s1987 nyu b 00110 eng |
| 010 |
|
|
|a 87008343
|
| 020 |
|
|
|a 0313252866 (lib. bdg. : alk. paper)
|
| 035 |
|
|
|a (OCoLC)15487356
|
| 035 |
|
|
|9 AAB6807AM
|
| 040 |
|
|
|a DLC
|c DLC
|d TXA
|d UtOrBLW
|
| 043 |
|
|
|a n-us---
|
| 049 |
|
|
|a TXAM
|c [A11496164]
|
| 050 |
0 |
0 |
|a Z7164.O4
|b O74 1987
|
| 082 |
0 |
|
|a 016.3626
|2 19
|
| 100 |
1 |
|
|a Oriol, William E.
|
| 245 |
1 |
0 |
|a Federal public policy on aging since 1960 :
|b an annotated bibliography /
|c compiled by William E. Oriol.
|
| 264 |
|
1 |
|a New York :
|b Greenwood Press,
|c 1987.
|
| 300 |
|
|
|a xiv, 127 pages ;
|c 25 cm.
|
| 336 |
|
|
|a text
|b txt
|2 rdacontent
|
| 337 |
|
|
|a unmediated
|b n
|2 rdamedia
|
| 338 |
|
|
|a volume
|b nc
|2 rdacarrier
|
| 490 |
1 |
|
|a Bibliographies and indexes in gerontology,
|x 0743-7560 ;
|v no. 5
|
| 500 |
|
|
|a Includes indexes.
|
| 650 |
|
0 |
|a Older people
|x Government policy
|z United States
|x Bibliography.
|
| 830 |
|
0 |
|a Bibliographies and indexes in gerontology ;
|v no. 5.
|
| 999 |
|
|
|a MARS
|
| 999 |
f |
f |
|s 57aca2b8-9767-329f-aa49-5bfa933957c3
|i 36cc4411-bf9e-3488-9c76-277e614a8c47
|t 0
|
| 952 |
f |
f |
|p ric
|a Texas A&M University
|b Rellis Campus
|c Joint Library Facility
|d Remote Storage
|t 0
|e Z7164.O4 O74 1987
|h Library of Congress classification
|i unmediated -- volume
|m A14842717572
|
| 998 |
f |
f |
|a Z7164.O4 O74 1987
|t 0
|l Remote Storage
|